[Event "Guernsey Holiday op 44th"]
[Site "Vale"]
[Date "2018.10.22"]
[Round "2"]
[White "Haisma, Henk"]
[Black "O'Brien, Paul W"]
[Result "1-0"]
[WhiteElo "1787"]
[BlackElo "1654"]
[PlyCount "47"]
[EventDate "2018.10.21"]
[EventType "swiss"]
[EventRounds "7"]
[EventCountry "GCI"]
[SourceTitle "EXT 2021"]
[Source "ChessBase"]
[SourceDate "2020.10.23"]
[SourceVersion "1"]
[SourceVersionDate "2020.10.23"]
[SourceQuality "1"]

1. b4 f5 2. Bb2 Nf6 3. a3 d6 4. e3 e5 5. d4 e4 6. Bc4 d5 7. Bb3 Bd6 8. c4 c6 9. Ne2 Be6 10. cxd5 cxd5 11. Nbc3 0-0 12. Nb5 Nc6 13. Nxd6 Qxd6 14. Nf4 Bd7 15. h4 Ne7 16. h5 Ng4 17. Qd2 Rac8 18. a4 a6 19. b5 axb5 20. Ba3 b4 21. Qxb4 Qxb4+ 22. Bxb4 Rf7 23. Nxd5 Be6 24. Bxe7 1-0

[Event "Guernsey Holiday op 43rd"]
[Site "Guernsey"]
[Date "2017.10.19"]
[Round "5"]
[White "Jones, Sidney A"]
[Black "Haisma, Henk"]
[Result "0-1"]
[WhiteElo "1500"]
[BlackElo "1808"]
[PlyCount "68"]
[EventDate "2017.10.15"]
[EventType "swiss"]
[EventRounds "7"]
[EventCountry "GCI"]
[SourceTitle "EXT 2020"]
[Source "ChessBase"]
[SourceDate "2019.10.17"]
[SourceVersion "1"]
[SourceVersionDate "2019.10.17"]
[SourceQuality "1"]

1. d4 d5 2. c4 c6 3. Nf3 Nf6 4. Nc3 e6 5. e3 Nbd7 6. Be2 Bd6 7. 0-0 0-0 8. Re1 Re8 9. Qc2 Qc7 10. c5 Bf8 11. Bd3 e5 12. e4 exd4 13. Nxd4 Bxc5 14. Nce2 dxe4 15. Bc4 Qb6 16. Be3 Ne5 17. h3 Nxc4 18. Qxc4 Be6 19. Qc1 Nd5 20. Nc2 Nxe3 21. Nxe3 Rad8 22. Nc3 f5 23. Na4 Bxe3 24. Qxe3 Qd4 25. b3 Qxe3 26. Rxe3 b6 27. Nc3 Rd2 28. Rae1 Rd3 29. Rd1 Rxd1+ 30. Nxd1 Rd8 31. Nc3 Rd2 32. g3 Kf7 33. Kg2 Bd5 34. g4 f4 0-1

[Event "Guernsey Holiday op 42nd"]
[Site "Guernsey"]
[Date "2016.10.20"]
[Round "5"]
[White "Dennis, Nigel W"]
[Black "Haisma, Henk"]
[Result "1-0"]
[WhiteElo "1813"]
[BlackElo "1836"]
[PlyCount "53"]
[EventDate "2016.10.16"]
[EventType "swiss"]
[EventRounds "7"]
[EventCountry "GCI"]
[SourceTitle "EXT 2022"]
[Source "ChessBase"]
[SourceDate "2021.10.06"]
[SourceVersion "1"]
[SourceVersionDate "2021.10.06"]
[SourceQuality "1"]

1. e4 c5 2. Nf3 d6 3. d4 cxd4 4. Nxd4 Nf6 5. Nc3 a6 6. Be2 e6 7. 0-0 Be7 8. Be3 Nbd7 9. f4 Qc7 10. Bf3 0-0 11. Qe2 Re8 12. g4 Nb6 13. Rad1 Nc4 14. Bc1 e5 15. Nf5 Be6 16. Nxe7+ Rxe7 17. f5 Nxb2 18. Bxb2 Qb6+ 19. Qf2 Qxb2 20. Na4 Qa3 21. Nb6 Rae8 22. fxe6 Rxe6 23. g5 d5 24. gxf6 Rxf6 25. Nxd5 Rg6+ 26. Kh1 Qxa2 27. Bh5 1-0

[Event "Guernsey Holiday op 40th"]
[Site "Guernsey"]
[Date "2014.10.22"]
[Round "4"]
[White "Haisma, Henk"]
[Black "Kirk, Matthew"]
[Result "1/2-1/2"]
[WhiteElo "1694"]
[BlackElo "1726"]
[PlyCount "98"]
[EventDate "2014.10.19"]
[EventType "swiss"]
[EventRounds "7"]
[EventCountry "GCI"]
[SourceTitle "EXT 2022"]
[Source "ChessBase"]
[SourceDate "2021.10.06"]
[SourceVersion "1"]
[SourceVersionDate "2021.10.06"]
[SourceQuality "1"]

1. b4 e5 2. Bb2 Bxb4 3. Bxe5 Nf6 4. e3 0-0 5. Nf3 Re8 6. Bb2 d5 7. a3 Be7 8. c4 c5 9. cxd5 Nxd5 10. Qc2 Nc6 11. Bc4 a6 12. Nc3 Nb6 13. Bd3 g6 14. Ne4 Nd7 15. Qc3 f6 16. Bc4+ Kg7 17. Nfg5 Nde5 18. Ne6+ Bxe6 19. Bxe6 Nd3+ 20. Ke2 Nxb2 21. Qxb2 b5 22. a4 b4 23. Ba2 Ne5 24. d4 cxd4 25. exd4 Nd7 26. Rhe1 f5 27. Nd2 Bf6+ 28. Kf1 Qb6 29. Rxe8 Rxe8 30. Qb3 Re7 31. Nf3 Bxd4 32. Nxd4 Qxd4 33. Rd1 Qe5 34. g3 Qe2+ 35. Kg1 Nc5 36. Qg8+ Kh6 37. Qf8+ Kh5 38. Rf1 b3 39. Bb1 Qe5 40. Qd8 b2 41. Qd2 Qe2 42. Qf4 g5 43. Qxf5 Ne4 44. Qh3+ Kg6 45. f3 Qe3+ 46. Kh1 Kg7 47. fxe4 Rxe4 48. Bxe4 Qxe4+ 49. Qg2 b1Q 1/2-1/2

[Event "Guernsey Holiday op"]
[Site "Guernsey"]
[Date "2012.10.27"]
[Round "7"]
[White "Haisma, Henk"]
[Black "Pemberton, Clive H"]
[Result "1-0"]
[WhiteElo "1632"]
[BlackElo "1704"]
[PlyCount "65"]
[EventDate "2012.10.21"]
[EventType "swiss"]
[EventRounds "7"]
[EventCountry "GCI"]
[SourceTitle "EXT 2015"]
[Source "ChessBase"]
[SourceDate "2014.11.20"]
[SourceVersion "1"]
[SourceVersionDate "2014.11.20"]
[SourceQuality "1"]

1. b4 e5 2. Bb2 Bxb4 3. Bxe5 Nf6 4. c4 Nc6 5. Bb2 0-0 6. Nf3 d5 7. cxd5 Nxd5 8. e3 a5 9. a3 Be7 10. Be2 Bf5 11. 0-0 Nf6 12. d4 Re8 13. Bb5 Bd7 14. Bd3 Bg4 15. Nbd2 Bd6 16. Qc2 h6 17. h3 Bd7 18. e4 Bf4 19. Rfe1 Rc8 20. d5 Ne5 21. Nxe5 Bxe5 22. Bxe5 Rxe5 23. Nc4 Rg5 24. Re3 b6 25. Be2 Nh5 26. h4 Rg6 27. Bxh5 Qxh4 28. Bxg6 fxg6 29. Ne5 Qf6 30. Qc3 Ba4 31. Rf3 Qd6 32. Nc6 b5 33. e5 1-0

[Event "Guernsey Holiday op"]
[Site "Guernsey"]
[Date "2012.10.25"]
[Round "5"]
[White "Haisma, Henk"]
[Black "Gallagher, Daniel GH"]
[Result "1/2-1/2"]
[WhiteElo "1632"]
[BlackElo "1144"]
[PlyCount "68"]
[EventDate "2012.10.21"]
[EventType "swiss"]
[EventRounds "7"]
[EventCountry "GCI"]
[SourceTitle "EXT 2015"]
[Source "ChessBase"]
[SourceDate "2014.11.20"]
[SourceVersion "1"]
[SourceVersionDate "2014.11.20"]
[SourceQuality "1"]

1. b4 e5 2. a3 d6 3. e3 Be7 4. Nf3 f5 5. Bc4 Nf6 6. Bb3 e4 7. Nd4 d5 8. c4 c6 9. Nc3 0-0 10. Nde2 Kh8 11. Nf4 d4 12. Nce2 d3 13. Nd4 Re8 14. c5 Nd5 15. Bxd5 cxd5 16. Qb3 Nc6 17. Bb2 Bf6 18. Qxd5 Nxd4 19. Bxd4 Bxd4 20. Qxd4 Qxd4 21. exd4 Rd8 22. h4 Rxd4 23. Rc1 Bd7 24. g3 Rc8 25. 0-0 Rg8 26. Rc3 g5 27. hxg5 Rxg5 28. Kg2 Ba4 29. Re1 Bb5 30. Re3 Rc4 31. Rxc4 Bxc4 32. Re1 Rg7 33. f3 Re7 34. fxe4 fxe4 1/2-1/2

[Event "Guernsey Holiday op"]
[Site "Guernsey"]
[Date "2012.10.23"]
[Round "3"]
[White "Borland, Thomas E"]
[Black "Haisma, Henk"]
[Result "1/2-1/2"]
[WhiteElo "1695"]
[BlackElo "1632"]
[PlyCount "35"]
[EventDate "2012.10.21"]
[EventType "swiss"]
[EventRounds "7"]
[EventCountry "GCI"]
[SourceTitle "EXT 2015"]
[Source "ChessBase"]
[SourceDate "2014.11.20"]
[SourceVersion "1"]
[SourceVersionDate "2014.11.20"]
[SourceQuality "1"]

1. d4 d5 2. Nf3 Nf6 3. Bf4 c5 4. e3 e6 5. c3 Qb6 6. Qb3 c4 7. Qc2 Bd6 8. Bxd6 Qxd6 9. Nbd2 Nc6 10. g3 b5 11. Bg2 0-0 12. 0-0 Rb8 13. e4 dxe4 14. Nxe4 Nxe4 15. Qxe4 Bb7 16. Rad1 Ne7 17. Qe5 Qxe5 18. Nxe5 1/2-1/2

[Event "Guernsey Holiday op"]
[Site "Guernsey"]
[Date "2011.10.19"]
[Round "4"]
[White "Kearsley, Raymond J"]
[Black "Haisma, Henk"]
[Result "1/2-1/2"]
[WhiteElo "1760"]
[BlackElo "1709"]
[PlyCount "39"]
[EventDate "2011.10.16"]
[EventType "swiss"]
[EventRounds "7"]
[EventCountry "GCI"]
[SourceTitle "EXT 2015"]
[Source "ChessBase"]
[SourceDate "2014.11.20"]
[SourceVersion "1"]
[SourceVersionDate "2014.11.20"]
[SourceQuality "1"]

1. e4 c5 2. Nf3 Nc6 3. Bb5 a6 4. Bxc6 bxc6 5. 0-0 d6 6. h3 e5 7. c3 Nf6 8. d4 cxd4 9. cxd4 Nxe4 10. dxe5 d5 11. Nbd2 Nc5 12. Nd4 Qc7 13. Kh1 Be7 14. f4 Bb7 15. b4 Ne6 16. Nxe6 fxe6 17. a3 0-0 18. Nf3 c5 19. bxc5 Bxc5 20. Nd4 1/2-1/2

[Event "Guernsey Holiday op"]
[Site "Guernsey"]
[Date "2010.10.17"]
[Round "1"]
[White "Haisma, Henk"]
[Black "Rowe, Oliver"]
[Result "1/2-1/2"]
[WhiteElo "1690"]
[BlackElo "1506"]
[PlyCount "96"]
[EventDate "2010.10.17"]
[EventType "swiss"]
[EventRounds "7"]
[EventCountry "GCI"]
[SourceTitle "EXT 2013"]
[Source "ChessBase"]
[SourceDate "2012.11.22"]
[SourceVersion "1"]
[SourceVersionDate "2012.11.22"]
[SourceQuality "1"]

1. b4 e5 2. Bb2 Bxb4 3. Bxe5 Nf6 4. e3 Qe7 5. Bb2 d6 6. a3 Ba5 7. Nf3 0-0 8. Be2 Bf5 9. 0-0 Nbd7 10. d4 a6 11. c4 c6 12. Qa4 Bc7 13. Nc3 b5 14. cxb5 axb5 15. Qd1 Ne4 16. Nxe4 Bxe4 17. Nd2 Bd5 18. e4 Bc4 19. Nxc4 bxc4 20. Bxc4 Qxe4 21. Re1 Qh4 22. Qf3 d5 23. g3 Qf6 24. Qg4 Nb6 25. Bd3 Rfe8 26. Rxe8+ Rxe8 27. a4 Ra8 28. a5 Nc8 29. Qd7 Qd8 30. Qxd8+ Bxd8 31. Re1 Nd6 32. a6 g6 33. Rc1 Nc4 34. Bxc4 dxc4 35. Rxc4 Rxa6 36. d5 Bc7 37. dxc6 f5 38. f4 Kf7 39. Be5 Ra7 40. Bxc7 Rxc7 41. Kf2 Ke6 42. Kf3 Kd5 43. Rc1 Rxc6 44. Rxc6 Kxc6 45. g4 Kd6 46. g5 Ke6 47. Ke3 Kd5 48. Kd3 Kc5 1/2-1/2

[Event "Guernsey Holiday op"]
[Site "Guernsey"]
[Date "2008.10.23"]
[Round "5"]
[White "Haisma, Henk"]
[Black "Norman, Dinah M"]
[Result "1-0"]
[WhiteElo "1732"]
[BlackElo "1656"]
[PlyCount "153"]
[EventDate "2008.10.19"]
[EventType "swiss"]
[EventRounds "7"]
[EventCountry "GCI"]
[SourceTitle "EXT 2011"]
[Source "ChessBase"]
[SourceDate "2010.11.26"]
[SourceVersion "1"]
[SourceVersionDate "2010.11.26"]
[SourceQuality "1"]

1. b4 d5 2. Bb2 c6 3. e3 Nf6 4. a3 Bf5 5. d3 e6 6. Nd2 Nbd7 7. c4 a5 8. c5 axb4 9. axb4 Be7 10. Ngf3 h6 11. Be2 0-0 12. 0-0 Qc7 13. Qc2 Bh7 14. Ra4 b5 15. Raa1 Qb7 16. Qc3 Rxa1 17. Rxa1 Ra8 18. Nb3 Rxa1+ 19. Bxa1 Ne8 20. Na5 Qc8 21. Nd4 Nb8 22. Qa3 Bf6 23. Nab3 Qb7 24. Qa5 e5 25. Nf3 Nd7 26. Nfd2 Bg6 27. e4 dxe4 28. dxe4 Nc7 29. Bg4 Ne6 30. Bxe6 fxe6 31. f3 Kf7 32. Bc3 Ke8 33. Qa1 Kf7 34. Nf1 Ke8 35. Ne3 Bh5 36. Na5 Qc7 37. Qd1 Be7 38. Qb3 Bf7 39. Qb2 Bh5 40. Nb3 Bf7 41. Be1 Bf6 42. Bg3 h5 43. Qa1 Qb7 44. Nc2 h4 45. Bf2 g5 46. h3 Bh5 47. Ne1 Kf7 48. Nd3 Kg6 49. Be1 Kf7 50. Bc3 Qc7 51. Qa6 Ke7 52. Na5 Nb8 53. Qb7 Qxb7 54. Nxb7 Na6 55. Na5 Be8 56. Kf2 Bd7 57. Ke3 Be8 58. Kd2 Bd7 59. Kc2 Be8 60. Kb3 Nb8 61. Bxe5 Bxe5 62. Nxe5 Kf6 63. Ng4+ Ke7 64. e5 Bg6 65. Kc3 Kd7 66. Nb7 Ke7 67. Nd6 Nd7 68. Kd4 Nb8 69. Nf6 Na6 70. Kc3 Nc7 71. Nde4 Bxe4 72. fxe4 Kf7 73. Ng4 Kg6 74. Ne3 Kf7 75. Nc2 Ke7 76. Nd4 Kd7 77. Nf3 1-0

[Event "Guernsey Holiday op 33rd"]
[Site "Guernsey"]
[Date "2007.10.22"]
[Round "2"]
[White "Haisma, Henk"]
[Black "Van Rooijen, Gerardus C"]
[Result "1-0"]
[WhiteElo "1692"]
[BlackElo "1480"]
[PlyCount "107"]
[EventDate "2007.10.21"]
[EventType "swiss"]
[EventRounds "7"]
[EventCountry "GCI"]
[SourceTitle "EXT 2022"]
[Source "ChessBase"]
[SourceDate "2021.10.06"]
[SourceVersion "1"]
[SourceVersionDate "2021.10.06"]
[SourceQuality "1"]

1. b4 e6 2. Bb2 Nf6 3. a3 d5 4. e3 Bd7 5. Nf3 c5 6. bxc5 Bxc5 7. d3 0-0 8. Be2 Nc6 9. 0-0 a6 10. d4 Be7 11. c4 dxc4 12. Bxc4 b5 13. Bd3 Qc7 14. Nbd2 Rfc8 15. Rc1 Qb6 16. Qe2 Na5 17. Ne5 Be8 18. Rb1 Nd5 19. Be4 Rab8 20. Bxd5 exd5 21. Nd3 Rc2 22. Rfc1 Rbc8 23. Rxc2 Rxc2 24. Qd1 Rc8 25. Nb3 Nc4 26. Ndc5 a5 27. Qg4 Qc6 28. Bc3 a4 29. Na5 Qg6 30. Qxg6 hxg6 31. Nxc4 dxc4 32. Bb4 f6 33. f3 Kf7 34. Kf2 f5 35. e4 fxe4 36. fxe4 Bc6 37. d5 Be8 38. Na6 Bxb4 39. Nxb4 Kf6 40. Ke3 Ke5 41. Nc2 c3 42. Nd4 Rc4 43. Nf3+ Kd6 44. Kd3 Rc8 45. Rc1 Bf7 46. Rxc3 Rxc3+ 47. Kxc3 Kc5 48. Nd4 g5 49. Ne6+ Bxe6 50. dxe6 Kd6 51. Kb4 Kxe6 52. Kxb5 Ke5 53. Kxa4 Kxe4 54. Kb5 1-0

[Event "Guernsey Holiday op 33rd"]
[Site "Guernsey"]
[Date "2007.10.21"]
[Round "1"]
[White "Silverstein, Ben"]
[Black "Haisma, Henk"]
[Result "1/2-1/2"]
[WhiteElo "1464"]
[BlackElo "1692"]
[PlyCount "69"]
[EventDate "2007.10.21"]
[EventType "swiss"]
[EventRounds "7"]
[EventCountry "GCI"]
[SourceTitle "EXT 2022"]
[Source "ChessBase"]
[SourceDate "2021.10.06"]
[SourceVersion "1"]
[SourceVersionDate "2021.10.06"]
[SourceQuality "1"]

1. e4 c5 2. Nf3 Nc6 3. c3 d5 4. exd5 Qxd5 5. c4 Qd8 6. b3 Bf5 7. Bb2 Nb4 8. Na3 e6 9. Be2 Nf6 10. 0-0 Be7 11. d4 cxd4 12. Nxd4 Bg6 13. Qe1 0-0 14. Nf3 Nd3 15. Bxd3 Qxd3 16. Ne5 Qf5 17. Nxg6 hxg6 18. Nb5 Rfd8 19. Nd4 Qc5 20. Nb5 Qb6 21. Bc3 Rd7 22. Rd1 Rad8 23. Rxd7 Rxd7 24. Qa1 a6 25. Nd4 Bc5 26. Nf3 Ne4 27. Be1 g5 28. b4 Be7 29. Qe5 f5 30. c5 Qc6 31. Nd4 Qd5 32. Qxe6+ Qxe6 33. Nxe6 Kf7 34. f3 Nd2 35. Bxd2 1/2-1/2

[Event "Guernsey Holiday op"]
[Site "Grand Harve Bay"]
[Date "2006.10.20"]
[Round "6"]
[White "Carlucci, Paul A"]
[Black "Haisma, Henk"]
[Result "1-0"]
[WhiteElo "1728"]
[BlackElo "1664"]
[PlyCount "93"]
[EventDate "2006.10.15"]
[EventType "swiss"]
[EventRounds "7"]
[EventCountry "GCI"]
[SourceTitle "EXT 2008"]
[Source "ChessBase"]
[SourceDate "2007.11.25"]
[SourceVersion "1"]
[SourceVersionDate "2007.11.25"]
[SourceQuality "1"]

1. d4 Nf6 2. Nf3 e6 3. e3 d5 4. Be2 c5 5. 0-0 Nc6 6. b3 cxd4 7. exd4 Bd6 8. Bb2 0-0 9. Nbd2 a5 10. a3 b6 11. Rc1 Ba6 12. Ne5 Bxe5 13. dxe5 Nd7 14. Bxa6 Rxa6 15. Nf3 b5 16. Qd3 Rb6 17. Rfe1 b4 18. Qe3 Qe7 19. axb4 axb4 20. Bd4 Nxd4 21. Nxd4 Rc8 22. f4 Rc3 23. Qf2 Nc5 24. Ne2 Qc7 25. Nxc3 bxc3 26. Ra1 g6 27. Ra2 Ne4 28. Qd4 Qc6 29. g4 Nd2 30. Kg2 Rb4 31. Ra6 Qb5 32. Qxc3 Ne4 33. Qc6 Qxc6 34. Rxc6 Rd4 35. Re2 h6 36. Kf3 Rb4 37. h4 g5 38. hxg5 hxg5 39. f5 exf5 40. gxf5 g4+ 41. Kg2 Ng5 42. e6 fxe6 43. fxe6 Re4 44. Rxe4 Nxe4 45. Rc7 Kf8 46. Rd7 Nf6 47. Rf7+ 1-0

[Event "Guernsey Holiday op"]
[Site "Grand Harve Bay"]
[Date "2006.10.19"]
[Round "5"]
[White "Haisma, Henk"]
[Black "Collier, Michael J"]
[Result "1/2-1/2"]
[WhiteElo "1664"]
[BlackElo "1536"]
[PlyCount "58"]
[EventDate "2006.10.15"]
[EventType "swiss"]
[EventRounds "7"]
[EventCountry "GCI"]
[SourceTitle "EXT 2008"]
[Source "ChessBase"]
[SourceDate "2007.11.25"]
[SourceVersion "1"]
[SourceVersionDate "2007.11.25"]
[SourceQuality "1"]

1. b4 Nf6 2. Bb2 e6 3. a3 d5 4. e3 Be7 5. Nf3 Bd7 6. d3 0-0 7. Nbd2 a6 8. c4 dxc4 9. Nxc4 b5 10. Nce5 c5 11. bxc5 Bxc5 12. Nxd7 Nbxd7 13. d4 Be7 14. Bd3 Qa5+ 15. Nd2 Rac8 16. 0-0 Rc7 17. Nb3 Qb6 18. Qd2 Rfc8 19. e4 Qb8 20. Rac1 Nb6 21. Rxc7 Qxc7 22. Na5 Na4 23. Rc1 Qd7 24. Rxc8+ Qxc8 25. Bc1 Bd8 26. Nb3 Be7 27. f3 Qc7 28. Qc2 Qxc2 29. Bxc2 Nd7 1/2-1/2